Revista Tips Fiscales

Detalles Bibliográficos
Formato: eBook
Lenguaje:español
Publicado: Mx̌ico D.F.: Mx̌ico Fiscal, 2005 -
Materias:
Acceso en línea:Acceso restringido

MARC

LEADER 00000nam a22000007a 4500
005 2013071107277.0
007 cr|||| ||||
008 130711c20059999mx |||| s|||| 0||| 1spa d
035 |a 11325 
040 |a vLex 
090 |c 4429  |d 4429 
245 0 0 |a Revista Tips Fiscales  |h [Recurso electrn̤ico] 
256 |a Servicio en ln̕ea 
260 |a Mx̌ico D.F.:  |b Mx̌ico Fiscal,  |c 2005 - 
300 |a 1 recurso electrn̤ico 
310 |a Mensual 
362 |a Nm︢. 1 (2003) - 
506 1 |a Contenido solo disponible en los productos indicados  |d vLex Global  |d vLex Global (Academic Edition, excluding Law Schools)  |d vLex Global (U.S. Academic Edition, Law Schools)  |d vLex Global (U.S. Academic Edition, excluding Law Schools)  |d vLex Global (Academic Edition, Law Schools) 
650 0 4 |a Fiscalidad  |z Mx̌ico 
650 0 4 |a Derecho fiscal  |z Mx̌ico 
740 0 |a vLex Revistas (Servicio en ln̕ea) 
856 4 0 |u http://vlex.com/source/revista-tips-fiscal-11325  |z Acceso restringido 
942 |c REV